Derecho penal: parte general. Fundamentos conceptuales y metodológicos del derecho penal. Ley penal
Gespeichert in:
| 1. Verfasser: | |
|---|---|
| Format: | Buch |
| Sprache: | Spanisch |
| Veröffentlicht: |
Madrid
Dykinson
2004
|
| Schlagworte: | |
| Tags: |
Tag hinzufügen
Keine Tags, Fügen Sie den ersten Tag hinzu!
|
MARC
| LEADER | 00000nam a2200000 a 4500 | ||
|---|---|---|---|
| 001 | UCJ1111 | ||
| 003 | CL-VaPUC | ||
| 008 | 060929e20040000SP |||||||||||||||||spa|d | ||
| 020 | |a 8497723414 | ||
| 082 | 0 | 4 | |a 345.05 |b MOR |2 21 |
| 100 | |a Morillas Cueva, Lorenzo |e autor |9 598499 | ||
| 245 | 1 | 0 | |a Derecho penal: parte general. Fundamentos conceptuales y metodológicos del derecho penal. Ley penal |
| 300 | |a 260 p | ||
| 942 | |c BK | ||
| 945 | |d 20060929 00:00:00 |a jtorresc | ||
| 260 | |a Madrid |b Dykinson |c 2004 | ||
| 500 | |a www.dykinson.es | ||
| 650 | 7 | |a DERECHO PENAL |2 CL-VaPUC |9 11 | |
| 650 | 0 | |a Procedimiento penal |9 254974 | |
| 650 | 0 | |a Derecho procesal penal |9 255496 | |
| 650 | 0 | |a Código penal |9 255935 | |
| 583 | |a last modification |c 20060929 00:00:00 |k Rodrigo Vera | ||
| 999 | |c 317824 |d 317822 | ||
| 952 | |0 0 |1 0 |4 0 |6 345_050000000000000_MOR_2004 |7 0 |8 A |9 394798 |a BIBDER |b BIBDER |d 2019-11-22 |i 4280881 |l 4 |m 3 |o 345.05 MOR 2004 |p 4280881 |r 2023-11-06 |s 2023-10-23 |w 2019-11-22 |y BK |k DER | ||